Phát triển lý tưởng Xã hội chũ nghĩa cho Thanh niên Việt Nam hiện nay (Sách tham khảo)

Shranjeno v:
Bibliografske podrobnosti
Glavni avtor: Nguyễn, Đức Tiến
Format: Knjiga
Jezik:Undetermined
Izdano: Hà Nội Chính Trị Quốc Gia 2005
Teme:
Oznake: Označite
Brez oznak, prvi označite!
Thư viện lưu trữ: Trung tâm Học liệu Trường Đại học Cần Thơ
LEADER 00661nam a2200205Ia 4500
001 CTU_92675
008 210402s9999 xx 000 0 und d
082 |a 321.02 
082 |b T305 
100 |a Nguyễn, Đức Tiến 
245 0 |a Phát triển lý tưởng Xã hội chũ nghĩa cho Thanh niên Việt Nam hiện nay 
245 0 |b (Sách tham khảo) 
245 0 |c Nguyễn Đức Tiến 
260 |a Hà Nội 
260 |b Chính Trị Quốc Gia 
260 |c 2005 
650 |a Youth,Communist education 
650 |x Vietnam 
904 |i Tuyến 
980 |a Trung tâm Học liệu Trường Đại học Cần Thơ